Les 20 villes les plus peuplées de la Drôme (26) - Statistiques

Statistiques générales
  • Ce quiz a été pris 82 fois
  • Le résultat moyen est 11 sur 20
Statistiques - réponses
HINT HINT ANSWER % Correct
64 288 V Valence
100%
33 139 R Romans-sur-Isère
92%
40 356 M Montélimar
90%
19 872 B Bourg-lès-Valence
83%
4 796 D Die
81%
10 369 P Portes-lès-Valence
67%
13 909 P Pierrelatte
65%
8 712 C Crest
63%
9 777 B Bourg-de-Péage
60%
6 794 N Nyons
60%
5 890 T Tain-l'Hermitage
50%
9 272 L Livron-sur-Drôme
40%
6 214 S Saint-Marcel-lès-Valence
40%
6 860 C Chabeuil
37%
5 497 É Étoile-sur-Rhône
35%
5 981 D Donzère
29%
6 584 L Loriol-sur-Drôme
29%
6 947 S Saint-Rambert-d'Albon
29%
8 776 S Saint-Paul-Trois-Châteaux
27%
6 375 C Chatuzange-le-Goubet
15%
Aucun quiz correspondant
Distribution des résultats
% des personnes avec chaque résultat
Percentile par nombre de réponses
Votre historique - résultats
Vous n’avez pas pris ce quiz